Sidney sheldons: the tides of memory (Record no. 137305)

000 -LEADER
fixed length control field 00320nam a2200121Ia 4500
008 - FIXED-LENGTH DATA ELEMENTS--GENERAL INFORMATION
fixed length control field 220120s9999||||xx |||||||||||||| ||und||
082 ## - DEWEY DECIMAL CLASSIFICATION NUMBER
Classification number 823 BAG
100 ## - MAIN ENTRY--PERSONAL NAME
Personal name Bagshawe, Tilly
245 #0 - TITLE STATEMENT
Title Sidney sheldons: the tides of memory
260 ## - PUBLICATION, DISTRIBUTION, ETC.
Place of publication, distribution, etc. Harper Collins
Name of publisher, distributor, etc. Bangalooru
Date of publication, distribution, etc. 2013
300 ## - PHYSICAL DESCRIPTION
Other physical details 0
650 ## - SUBJECT ADDED ENTRY--TOPICAL TERM
Topical term or geographic name entry element TELECOMMUNICATION
Holdings
Withdrawn status Lost status Damaged status Not for loan Collection code Home library Current library Date acquired Total Checkouts Full call number Barcode Date last seen Date last checked out Price effective from Koha item type
        Humanity Science Central Library Central Library 01/20/2022 3 823 BAG GF1164 06/08/2023 05/26/2023 01/20/2022 Gift Books

Powered by Koha